00310nam a2200109Ia 4500008004000000082001300040100003000053245004100083260004100124300001100165650002400176210210b1977 xxu||||| |||| 00| 0 eng d a546 SINT aSINGH (Deo Raj) & others. aText book of inorganic chemistry.PI. aAgrabShivalal Agarwala & Co.,c1977 avi,595 aInorganic Chemistry